Countries by Bread Consumption - Statistics

General Stats
  • This quiz has been taken 183 times
  • The average score is 8 of 10
Answer Stats
Rank Consumption Answer % Correct
1 13,103 USA
97%
4 5,660 United Kingdom
93%
3 6,382 Germany
92%
7 3,514 Italy
88%
2 8,734 Russia
86%
8 3,405 Spain
82%
10 2,985 India
79%
6 3,604 Brazil
73%
9 2,986 Turkey
66%
5 4,630 Egypt
46%
No matching quizzes found
Score Distribution
Percent of People with Each Score
Percentile by Number Answered
Your Score History
You have not taken this quiz